Intermodalita na Slovensku - minulosť a budúcnosť ako prilákať tovarové toky

Bibliographic Details
Main Author: Ližbetin, Ján (Author)
Format: Article
Language:Slovak
PhysicalDescription:Graf
ISSN:1337-0138
Subjects:

MARC

LEADER 00000nab a2200000 ar4500
001 vtls009359451
003 SK-MaSNL
005 20260426084808.0
008 250506c2008 xo mr|p|||||||000 b|slo
015 |a SNBRB2008/11  |2 snkbucl 
035 |a (uuid)ae1c71c4-f415-4c64-9cdb-5464c0b9fbc0 
035 |a urn:nbn:sk:snk-abad04 
035 |a (urnnbn)urn:nbn:sk:snk:ar-a0ad4t 
038 |a SNKBUCL 
040 |a SNKBUCL  |b slo  |c SNKBUCL  |e AACR2 
041 0 |a slo 
044 |a xo  |c SK 
080 |a 656.1/.7.022.8  |x (437.6)  |2 2001 
100 1 |a Ližbetin, Ján  |4 aut  |9 485494 
245 1 0 |a Intermodalita na Slovensku - minulosť a budúcnosť  |b ako prilákať tovarové toky  |c Ján Ližbetin 
300 |b Graf 
504 |a Bibliogr. odkazy 
650 0 7 |a kombinovaná doprava  |2 snkbucl  |9 69464 
651 7 |a Slovensko  |2 snkbucl  |9 14231 
773 0 |t Doprava a logistika  |g Roč. 3., č. 9 (2008), s. 38-40  |x 1337-0138 
850 |a Slovenská národná knižnica 
852 |a Slovenská národná knižnica 
954 |a odborná, vedecká literatúra pôvodná (slovenská)  |2 lita 
958 |a article14 
958 |a OND 
958 |a NB 
958 |a SK 
958 |a EUIPO 
999 |c 2944963  |d 2946893